00481nam a2200109Ia 4500008004100000245012300041260000900164300008500173650002200258999001900280952007200299180130s9999 xx 000 0 und d cEagle, David E.aMega, medium, and mini: size ang the socioeconomic status composition of American protestant churches c2013 aBook title: Religion, work and inequality--Acession number C17314; pages 281-310 aSOCIOLOGY OF WORK c354533d354533 001040aCLbCLd2018-01-30l0r2018-01-30 00:00:00w2018-01-30yBC